000 01571pam a2200361 a 4500
001 1182969
003 OSt
005 20150520145354.0
008 971010s1998 nyua b 001 0 eng
010 _a 97044365
020 _a0333697693
040 _aDLC
_cDLC
_dDLC
043 _aw------
050 0 0 _aSD418.3.T76
_bG35 1998
082 0 0 _a333.75
_221
_bGAL 1998
100 1 _aGale, Fred P.
_94726
245 1 4 _aThe tropical timber trade regime /
_cFred P. Gale.
260 _aNew York :
_bSt. Martin's Press,
_c1998.
300 _axvi, 287 p. :
_bill. ;
_c23 cm.
440 0 _aInternational political economy series
_9970
504 _aIncludes bibliographical references (p. 258-282) and index.
650 0 _aDeforestation
_zTropics.
_94727
650 0 _aRain forests
_xManagement.
_94728
650 0 _aForest management
_zTropics.
_94729
650 0 _aForests and forestry
_xInternational cooperation.
_94730
650 0 _aLogging
_xLaw and legislation.
_94731
856 4 2 _3Contributor biographical information
_uhttp://www.loc.gov/catdir/bios/hol057/97044365.html
856 4 2 _3Publisher description
_uhttp://www.loc.gov/catdir/description/hol055/97044365.html
856 4 1 _3Table of contents
_uhttp://www.loc.gov/catdir/toc/hol052/97044365.html
906 _a7
_bcbc
_corignew
_d1
_eocip
_f19
_gy-gencatlg
942 _2ddc
_cSLOAN
999 _c1799
_d1799